| 000 | 00313nam a22001337a 4500 | ||
|---|---|---|---|
| 999 |
_c528342 _d528342 |
||
| 003 | NUST | ||
| 038 | _aMSohail | ||
| 082 |
_a0 _bTWB |
||
| 100 |
_aThe World Bank _919583 |
||
| 245 | _aReducing air pollution from urban transport | ||
| 260 |
_aUSA _bThe World Bank _c2005 |
||
| 300 |
_a45,p: _c27cm |
||
| 942 |
_2ddc _cBK |
||